| 000 | 00373nam a2200145 a 4500 | ||
|---|---|---|---|
| 001 | 352 | ||
| 003 | CDMR | ||
| 005 | 20130304173002.0 | ||
| 008 | 130130s1963||||||||||||||||||||||||||||d | ||
| 040 |
_aCDMR _bcat _cCPC GIRONA |
||
| 100 | 1 |
_9242 _aRodríquez de Aragón, Mario |
|
| 245 | 1 | 0 |
_aBibliografía de artes gráficas _cAragón, M. R. |
| 260 |
_c1963 _bE.O.P. |
||
| 942 |
_cMON _2ddc |
||
| 999 |
_c352 _d352 |
||